Tecnología y sociedad (Registro nro. 35130)
[ vista simple ]
| 000 -ENCABEZADO | |
|---|---|
| Número de control [NR] | 00987nam a2200265Ia 4500 |
| 008 - DE LONGITUD FIJA DE DATOS DE ELEMENTOS - INFORMACIÓN GENERAL | |
| Elementos de longitud fija [NR] | 130821s1999 cu gr spa |
| 020 ## - NUMERO INTERNACIONAL NORMALIZADO PARA LIBROS [R] | |
| Número Internacional Normalizado del libro [NR] | 9592580758 |
| 040 ## - FUENTE DE CATALOGACION [NR] | |
| Agencia de catalogación original [NR] | Co-BoUCM |
| Idioma de catalogación [NR] | spa |
| 041 00 - CODIGO DE IDIOMA [R] | |
| Código de idioma para texto/pista de sonido o título separado [R] | Español |
| 245 00 - MENCION DE TITULO [NR] | |
| Título [NR] | Tecnología y sociedad |
| Mención de responsabilidad, etc. [NR] | Colectivo de autores, Grupo de Estudios Sociales sobre la Tecnología. GEST |
| 260 ## - PUBLICACION, DISTRIBUCION, ETC. (PIE DE IMPRENTA) [R] | |
| Lugar de publicación, distribución, etc. [R] | La Habana (Cuba) |
| Nombre del editor, distribuidor, etc. [R] | Felix Varela |
| Fecha de publicación, distribución, etc. [R] | 1999 |
| 300 ## - DESCRIPCION FISICA [R] | |
| Extensión [R] | xx, 414 páginas |
| 500 ## - NOTA GENERAL [R] | |
| Nota general [NR] | El ejemplar 2 corresponde al tomo 2 de 1998 |
| 504 ## - NOTA DE BIBLIOGRAFIA, ETC. [R] | |
| Nota de bibliografía, etc. [NR] | |
| 650 04 - ASIENTO SECUNDARIO DE MATERIA - TERMINO TEMATICO [R] | |
| Término temático o nombre geográfico como elemento de entrada [NR] | Ciencia |
| Subdivisión de forma [R] | Aspectos sociales |
| 9 (RLIN) | 10767 |
| 650 04 - ASIENTO SECUNDARIO DE MATERIA - TERMINO TEMATICO [R] | |
| Término temático o nombre geográfico como elemento de entrada [NR] | Ciencia |
| Subdivisión general [R] | Mediaciones |
| 9 (RLIN) | 10767 |
| 650 04 - ASIENTO SECUNDARIO DE MATERIA - TERMINO TEMATICO [R] | |
| Término temático o nombre geográfico como elemento de entrada [NR] | Desarrollo científico y tecnológico |
| 9 (RLIN) | 12929 |
| 650 04 - ASIENTO SECUNDARIO DE MATERIA - TERMINO TEMATICO [R] | |
| Término temático o nombre geográfico como elemento de entrada [NR] | Ingeniería |
| 9 (RLIN) | 17607 |
| 650 04 - ASIENTO SECUNDARIO DE MATERIA - TERMINO TEMATICO [R] | |
| Término temático o nombre geográfico como elemento de entrada [NR] | Innovación tecnológica |
| 9 (RLIN) | 17710 |
| 650 04 - ASIENTO SECUNDARIO DE MATERIA - TERMINO TEMATICO [R] | |
| Término temático o nombre geográfico como elemento de entrada [NR] | Tecnología |
| Subdivisión de forma [R] | Aspectos sociales |
| 9 (RLIN) | 8143 |
| 650 04 - ASIENTO SECUNDARIO DE MATERIA - TERMINO TEMATICO [R] | |
| Término temático o nombre geográfico como elemento de entrada [NR] | Tecnología |
| Subdivisión general [R] | Aspectos ambientales |
| 9 (RLIN) | 8143 |
| 650 04 - ASIENTO SECUNDARIO DE MATERIA - TERMINO TEMATICO [R] | |
| Término temático o nombre geográfico como elemento de entrada [NR] | Transferencia de tecnología |
| 9 (RLIN) | 25669 |
| 942 ## - ELEMENTOS DE ENTRADA AGREGADOS (KOHA) | |
| Tipo de ítem principal el descrito en 300a | Libro |
| Tema principal | Sociología |
| Edición | 1 |
| Parte restante de la signatura top. | T255T |
| Sistema de clasificación | DEWEY |
| Clasificación | 303.483 |
| Fecha de último préstamo | Total préstamos | Signatura topográfica | Código de barras | Última vez visto | Ejemplar | Price effective from | Tipo de ítem | Perdido | Sistema de clasificación | Dañado | No prestable | Tipo de ítem específico | Suprimido | Ubicación habitual | Ubicación actual | Localización | Fecha de creación | Forma de adquisición | Costo |
|---|---|---|---|---|---|---|---|---|---|---|---|---|---|---|---|---|---|---|---|
| 28/10/2006 | 13 | 303.483 T255T | 100061498 | 03/12/2025 | Ej.2 | 03/02/2013 | Libro | DEWEY | Libro | Claustro | Claustro | 4to piso | 28/02/2004 | Donación | 24500.00 |